| 000 | 00687cam a2200193 i 4500 | ||
|---|---|---|---|
| 999 |
_c7792 _d7792 |
||
| 003 | OSt | ||
| 005 | 20200521131000.0 | ||
| 008 | 161222s2017 nyua b 000 0 eng | ||
| 020 | _a9781138899674 (pbk.) | ||
| 042 | _apcc | ||
| 082 | 0 | 0 |
_a720.721SAR _223 |
| 100 | 1 |
_aSarvimäki, Marja, _eauthor. |
|
| 245 | 1 | 0 |
_aCase study strategies for architects and designers : _bintegrative data research methods / _cMarja Sarvimaki. |
| 300 |
_axiv, 180 pages : _bill. ; _c22 cm. |
||
| 504 | _aIncludes bibliographical references. | ||
| 505 | 0 | _aThe interdisciplinary realm -- Quantitative vs. qualitative strategies -- Integrative data evaluation. | |
| 650 | 0 | _aEvidence-based design. | |
| 942 | _2ddc | ||